000 01231nam a2200325 i 4500
003 EG-GICUC
005 20260228121952.0
008 260107s2005 ua a|||fr|||| 00| 0 ara d
017 _a21782/2005
020 _a9770448168
040 _a EG-GICUC
_bara
_c EG-GICUC
_d EG-GICUC
_erda
041 0 _aAra
082 0 4 _221
_a343.654
_bخ ا . ث
092 0 4 _221
099 _aLaw1 10 343.654 خ ا . ث 2005
100 0 _aخالد حمد محمد الحمادى
_eمؤلف.
245 1 2 _aالثورة البيولوجية ودورها فى الكشف عن الجريمة DNA /
_cتأليف الدكتور خالد حمد محمد الحمادى.
264 1 _a[مكان النشر غير محدد] :
_b[الناشر غير محدد]،
_c2005.
300 _a83 صفحة :
_bردسومات توضيحية؛
_c24 سم.
336 _2rda content
_atext
337 _2rda media
_aComputer
338 _2rda carrier
_aOnline Resource
546 _aالنص باللغة العربية
650 1 _aالجرائم الجنسية
_2qrmak
650 1 _aالقانون الجنائى
_2qrmak
651 1 _2qrmak
856 4 0 _uhttps://fll.law.cu.edu.eg/fulltext/bks/B10-07476.pdf
905 _a54
_eYara
942 _2ddc
_cBK
_e21
_n0
999 _c55130
_d55130